000 00666nam a22001577a 4500
003 NUST
082 _a670
100 _a KALEEM , MUHAMMAD ALI
_9122132
245 _aLASER CLADDING OF FUNCTIONALLY GRADED MATERIALS: DESIGN AND MANUFACTURING OF MULTI-POWDER FEEDER FOR MANUFACTURING FUNCTIONALLY GRADED MATERIALS THROUGH LASER CLADDING PROCESS /
_cMUHAMMAD ALI KALEEM
264 _aIslamabad:
_bSMME- NUST.
_c2020.
300 _a55p. ;
_bSoft Copy ,
_c30cm.
650 _aMS Design and Manufacturing Engineering
_9119567
700 _aSUPERVISOR : DR MUSHTAQ KHAN
_9119879
856 _uhttp://10.250.8.41:8080/xmlui/handle/123456789/12624
942 _2ddc
_cTHE
999 _c608678
_d608678